Statistics for Who Is That RuPaul's Drag Race Queen?

Click here to take the quiz!

General Stats

  • This quiz has been taken 2,514 times
  • The average score is 10 of 12

Answer Stats

HintAnswer% Correct
Which queen is known for her tongue pops, pageant background, and feud with Coco Montrese?Alyssa Edwards
97%
Which queen is known for her Russian character and being crazy?Katya
97%
Which queen is know for her Korean background and impressive makeup skills?Kim Chi
97%
Which queen is mostly known for having long legs?Naomi Smalls
94%
Which queen is known for her Barbie themed character and folk album?Trixie Mattel
92%
Which queen is known because she's a libra and for saying "party"?Adore Delano
91%
Which queen is known for her insult comedy and huge eyelashes?Bianca Del Rio
90%
Which queen is known for being "spooky"?Sharon Needles
90%
Which queen is known for wearing a lot of shimmer highlighter and whining?Farrah Moan
79%
Which queen is known for being from Camerooooooon?Bebe Zahara Benet
78%
Which queen is known for her political drag, being from Chicago, and walking out in the middle of the season's reunion?The Vixen
74%
Which queen is known for having something to say and the word jush?Jasmine Masters
57%

Score Distribution

Percentile by Number Answered

Percent of People with Each Score

Your Score History

You have not taken this quiz